Library Logo

Pioneer International University Library Catalogue

The widows husband / (Record no. 2507)

MARC details
000 -LEADER
fixed length control field 00462cam a2200169 a 4500
005 - DATE AND TIME OF LATEST TRANSACTION
control field 20250901165339.0
008 - FIXED-LENGTH DATA ELEMENTS--GENERAL INFORMATION
fixed length control field 041221s2005 nyu 000 1 eng
010 ## - LIBRARY OF CONGRESS CONTROL NUMBER
LC control number 2004060246
020 ## - INTERNATIONAL STANDARD BOOK NUMBER
International Standard Book Number 1579621112
050 00 - LIBRARY OF CONGRESS CALL NUMBER
Classification number PS3555.V2598 .E93 2005
Item number W53 2005
082 00 - DEWEY DECIMAL CLASSIFICATION NUMBER
Classification number 813/.54
Edition information 22
100 1# - MAIN ENTRY--PERSONAL NAME
Personal name Evans, Sheila.
245 14 - TITLE STATEMENT
Title The widows husband /
Statement of responsibility, etc. Sheila Evans.
260 ## - PUBLICATION, DISTRIBUTION, ETC.
Place of publication, distribution, etc. Sag Harbor, NY :
Name of publisher, distributor, etc. Permanent Press,
Date of publication, distribution, etc. 2005.
300 ## - PHYSICAL DESCRIPTION
Extent 219 p. ;
Dimensions 23 cm.
942 ## - ADDED ENTRY ELEMENTS (KOHA)
Source of classification or shelving scheme Dewey Decimal Classification
Holdings
Withdrawn status Lost status Source of classification or shelving scheme Damaged status Not for loan Home library Current library Shelving location Date acquired Total checkouts Full call number Barcode Date last seen Price effective from Koha item type
    Library of Congress Classification     Main Library Main Library   03/15/2021   PS3555.V2598 .E93 2005 PIU0006212 03/15/2021 03/15/2021 Books